Geographic Regions of China - Map Quiz - Statistics

General Stats
  • This quiz has been taken 252 times
  • The average score is 5 of 6
Answers on the Map
Answers color-coded by a green-red scale on the quiz's map according to % correct below.
 
Answer Stats
Answer % Correct
South Central China
95%
East China
94%
North China
92%
Northeast China
90%
Northwest China
90%
Southwest China
89%
No matching quizzes found
Score Distribution
Percent of People with Each Score
Percentile by Number Answered
Your Score History
You have not taken this quiz